| 000 -ლიდერი |
| ფიქსირებული სიგრძის საკონტროლო ველი |
01852nam a2200277Ia 4500 |
| 001 - საკონტროლო ნომერი |
| საკონტროლო ველი |
143 |
| 003 - საკონტროლო ნომრის იდენტიფიკატორი |
| საკონტროლო ველი |
GE_BSU |
| 005 - ბოლო ოპერაციის თარიღი და დრო |
| საკონტროლო ველი |
20210203131631.0 |
| 008 - ფიქსირებული სიგრძის მონაცემთა ელემენტები - ზოგადი ინფორმაცია |
| ფიქსირებული სიგრძის საკონტროლო ველი |
181216s2008||||ge |||||||||||||| ||geo|| |
| 040 ## - კატალოგიზაციის წყარო |
| Transcribing agency |
GE_BSU |
| 041 ## - ენის კოდი |
| Language code of text/sound track or separate title |
geo |
| 080 ## - უნივერსალური ათობითი კლასიფიკაციის ინდექსი |
| Universal Decimal Classification number |
612.61 ხ–71 |
| 100 ## - მთავარი ჩანაწერი - პიროვნების სახელი |
| Personal name |
ხომასურიძე, არჩილ |
| 9 (RLIN) |
10082 |
| 245 ## - ცნობა სათაურის შესახებ |
| Title |
რეპროდუქციული ფუნქციის ნეიროენდოკრინული რეგულაცია : |
| Remainder of title |
[სახელმძღვ.] / |
| Statement of responsibility, etc |
ავტ.: არჩილ ხომასურიძე, ნინო მაისურაძე ; რედკოლ.: შალვა ჯანგავაძე, მანანა ღონღაძე]. |
| 264 ## - წარმოების, გამოცემის, დისტრიბუციის და სხვა ცნობები |
| გამოცემის, წარმოების, დისტრიბუციის... ადგილი |
თბილისი : |
| გამოცემის, წარმოების, დისტრიბუციის... სახელწოდება |
გამომცემლობა ,,სახალხო აფთიაქი'', |
| გამოცემის, წარმოების, დისტრიბუციის... თარიღი |
2008. |
| 300 ## - ფიზიკური აღწერა |
| Extent |
194 გვ. |
| Other physical details |
სურ. + 2 ჩართ. ფ. რეკლამა |
| 520 ## - SUMMARY, ETC. |
| Summary, etc |
ეძღვნება ი. ჟორდანიას სახ. ადამიანის რეპროდუქციის ს/კ ინ-ტის 50 წლისთავს |
| 653 ## - INDEX TERM--UNCONTROLLED |
| Uncontrolled term |
კაცის სასქესო ორგანოების ფიზიოლოგია |
| 653 ## - INDEX TERM--UNCONTROLLED |
| Uncontrolled term |
ფიზიოლოგიური პროცესების ასაკობრივი ცვლილებები |
| 653 ## - INDEX TERM--UNCONTROLLED |
| Uncontrolled term |
ქალის სასქესო ორგანოების ფიზიოლოგია |
| 700 ## - ADDED ENTRY--PERSONAL NAME |
| Personal name |
მაისურაძე ნინო |
| Relator term |
ავტორი |
| 9 (RLIN) |
10083 |
| 700 ## - ADDED ENTRY--PERSONAL NAME |
| Personal name |
ჯანგავაძე, შალვა |
| Relator term |
რედაქტორი |
| 9 (RLIN) |
10084 |
| 700 ## - ADDED ENTRY--PERSONAL NAME |
| Personal name |
ღონღაძე, მანანა |
| Relator term |
რედაქტორი |
| 9 (RLIN) |
10085 |
| 942 ## - ADDED ENTRY ELEMENTS (KOHA) |
| Koha item type |
წიგნი |
| Source of classification or shelving scheme |
|